[Event "NAYCC U12"]
[Site "Toronto CAN"]
[Date "2013.08.17"]
[Round "6"]
[White "Solano, Carlos"]
[Black "Huang, Immanuel"]
[Result "1-0"]
[WhiteElo "1771"]
[BlackElo "1517"]
[PlyCount "89"]
[GameId "2160767909267386"]
[EventDate "2013.08.14"]
[EventType "swiss"]
[EventRounds "9"]
[EventCountry "CAN"]
[SourceTitle "EXT 2022"]
[Source "ChessBase"]
[SourceDate "2021.10.06"]
[SourceVersion "1"]
[SourceVersionDate "2021.10.06"]
[SourceQuality "1"]

1. e4 e5 2. Nf3 Nc6 3. Bb5 a6 4. Bxc6 dxc6 5. O-O Bg4 6. d3 Bc5 7. Nbd2 Qf6 8. h3 h5 9. Nc4 Bd6 10. Ne3 Bxf3 11. Qxf3 Qxf3 12. gxf3 Ne7 13. Ng2 Ng6 14. Be3 c5 15. c3 O-O-O 16. d4 cxd4 17. cxd4 exd4 18. Bxd4 Bh2+ 19. Kxh2 Rxd4 20. Rfd1 Rhd8 21. Ne3 Rd2 22. Rab1 Rxf2+ 23. Kg3 Rxd1 24. Nxd1 Rd2 25. h4 Ne5 26. Nc3 c6 27. Kf4 Ng6+ 28. Kg3 b5 29. b4 Rc2 30. Rb3 Ne5 31. a3 Nc4 32. a4 Nd2 33. Ra3 Nf1+ 34. Kf4 f6 35. axb5 g6 36. Rxa6 Rxc3 37. Rxc6+ Rxc6 38. bxc6 Kc7 39. b5 Kd6 40. e5+ fxe5+ 41. Kg5 Nd2 42. Kxg6 Nxf3 43. Kxh5 Nd4 44. Kg5 Nxb5 45. h5 1-0

[Event "NAYCC U12"]
[Site "Toronto CAN"]
[Date "2013.08.17"]
[Round "6"]
[White "Sun, Andy"]
[Black "Hou, Frank Gui"]
[Result "1-0"]
[WhiteElo "1082"]
[BlackElo "987"]
[PlyCount "135"]
[GameId "2160767909267387"]
[EventDate "2013.08.14"]
[EventType "swiss"]
[EventRounds "9"]
[EventCountry "CAN"]
[SourceTitle "EXT 2022"]
[Source "ChessBase"]
[SourceDate "2021.10.06"]
[SourceVersion "1"]
[SourceVersionDate "2021.10.06"]
[SourceQuality "1"]

1. e4 e5 2. f4 d6 3. Nf3 Nc6 4. Bb5 Bg4 5. h3 Bh5 6. O-O Nf6 7. Nc3 Be7 8. d4 exd4 9. Qxd4 O-O 10. Qa4 Nb8 11. Be3 c6 12. Be2 b5 13. Qb3 a5 14. a4 b4 15. Na2 Nxe4 16. Bd3 Nf6 17. c3 Nd5 18. Bd2 Na6 19. g4 Nc5 20. Qc2 b3 21. Qb1 Bxg4 22. hxg4 bxa2 23. Bxh7+ Kh8 24. Rxa2 g6 25. c4 Nb4 26. Bc3+ Bf6 27. Bxb4 Kxh7 28. Bxc5 dxc5 29. f5 Qd6 30. Ra3 Qg3+ 31. Kh1 Kg7 32. Nh2 Qh4 33. Qc2 Be5 34. Rf2 Bxh2 35. Rxh2 Qxg4 36. Qc3+ f6 37. fxg6 Qd1+ 38. Kg2 Qe2+ 39. Kg1 Qe4 40. Rg2 Qb1+ 41. Kf2 Rfe8 42. Qf3 Qc2+ 43. Kg3 Re2 44. Qxe2 Qxe2 45. Rxe2 Kxg6 46. Re6 Rc8 47. Rf3 Kg7 48. Rfxf6 Rb8 49. Rf2 Rb4 50. Rxc6 Rxc4 51. Rd2 Re4 52. Rxc5 Rxa4 53. Rd6 Re4 54. Kf2 Re7 55. Rxa5 Rb7 56. b4 Kf8 57. b5 Ke7 58. Rh6 Kd8 59. b6 Rb8 60. Rh8+ Kd7 61. Rxb8 Ke6 62. Ke3 Kd6 63. Rc8 Ke6 64. Kd4 Ke7 65. Rc7+ Ke6 66. b7 Kf6 67. b8=Q Ke6 68. Qb6# 1-0

[Event "NAYCC U12"]
[Site "Toronto CAN"]
[Date "2013.08.17"]
[Round "6"]
[White "Valkov, Andrey"]
[Black "Minzak, Michael"]
[Result "0-1"]
[WhiteElo "511"]
[BlackElo "1051"]
[PlyCount "108"]
[GameId "2160767909267388"]
[EventDate "2013.08.14"]
[EventType "swiss"]
[EventRounds "9"]
[EventCountry "CAN"]
[SourceTitle "EXT 2022"]
[Source "ChessBase"]
[SourceDate "2021.10.06"]
[SourceVersion "1"]
[SourceVersionDate "2021.10.06"]
[SourceQuality "1"]

1. e4 e5 2. Nf3 Nc6 3. d3 Bc5 4. Nxe5 Nxe5 5. d4 Bb4+ 6. Bd2 Bxd2+ 7. Nxd2 Nc6 8. Bc4 Nxd4 9. Nb3 Nxb3 10. Bxb3 d6 11. O-O Qg5 12. h3 Bxh3 13. Qf3 Be6 14. Qg3 Qf6 15. Ba4+ Bd7 16. Bb3 O-O-O 17. c3 h5 18. Rae1 h4 19. e5 Qh6 20. Qh2 dxe5 21. Bd5 h3 22. Qg3 hxg2 23. Bxg2 Bc6 24. f3 Rd2 25. Rf2 Rxf2 26. Qxf2 Qh2+ 27. Kf1 Bb5+ 28. Re2 Bxe2+ 29. Kxe2 Rh6 30. Kf1 Rg6 31. b4 Rxg2 32. Qxg2 Qxg2+ 33. Kxg2 Kd7 34. a4 Ne7 35. a5 Nd5 36. b5 Nxc3 37. a6 bxa6 38. bxa6 e4 39. fxe4 Nxe4 40. Kf3 Nc5 41. Kf4 Nxa6 42. Kf5 c5 43. Ke4 g5 44. Kf5 f6 45. Ke4 g4 46. Kd5 g3 47. Ke4 g2 48. Kd3 g1=Q 49. Kc4 Qd4+ 50. Kb3 c4+ 51. Kc2 Nb4+ 52. Kc1 Qd3 53. Kb2 Qc2+ 54. Ka3 Qb3# 0-1

[Event "NAYCC U12"]
[Site "Toronto CAN"]
[Date "2013.08.17"]
[Round "6"]
[White "Wang, Dinny"]
[Black "Zhou, Yuetong (Davy)"]
[Result "1-0"]
[WhiteElo "1670"]
[BlackElo "2008"]
[PlyCount "79"]
[GameId "2160767909267389"]
[EventDate "2013.08.14"]
[EventType "swiss"]
[EventRounds "9"]
[EventCountry "CAN"]

1. e4 c5 2. Nf3 e6 3. d4 cxd4 4. Nxd4 a6 5. Nc3 Qc7 6. Nf3 Nf6 7. Bd3 Bc5 8. O-O d6 9. Bf4 Nc6 10. h3 h6 11. Re1 e5 12. Bg3 Be6 13. Qd2 O-O 14. a3 Rac8 15. Nh2 b5 16. Nf1 Nh5 17. Kh1 Nxg3+ 18. Nxg3 Qa7 19. Rf1 Nd4 20. f4 f6 21. f5 Bf7 22. Nce2 d5 23. Nxd4 Bxd4 24. c3 Be3 25. Qe2 d4 26. cxd4 Bxd4 27. Nh5 Rfd8 28. Rac1 Rxc1 29. Rxc1 Bxh5 30. Qxh5 Bxb2 31. Rc6 Qd7 32. Re6 Bxa3 33. Bc2 a5 34. Bb3 Kf8 35. Qg6 a4 36. Bd5 Qf7 37. Qh7 Qc7 38. Qh8+ Kf7 39. Re8+ Rxd5 40. Qg8# 1-0

[Event "NAYCC U12"]
[Site "Toronto CAN"]
[Date "2013.08.17"]
[Round "6"]
[White "Xue, Andrew"]
[Black "Zhang, Zhehai"]
[Result "0-1"]
[WhiteElo "1114"]
[BlackElo "1526"]
[PlyCount "88"]
[GameId "2160767909267390"]
[EventDate "2013.08.14"]
[EventType "swiss"]
[EventRounds "9"]
[EventCountry "CAN"]
[SourceTitle "EXT 2022"]
[Source "ChessBase"]
[SourceDate "2021.10.06"]
[SourceVersion "1"]
[SourceVersionDate "2021.10.06"]
[SourceQuality "1"]

1. e4 c5 2. Nf3 e6 3. Nc3 Nc6 4. Bb5 Qc7 5. d3 a6 6. Bxc6 bxc6 7. O-O Nf6 8. Re1 Be7 9. Bg5 d6 10. Qd2 O-O 11. Rad1 Rb8 12. b3 h6 13. Bh4 Re8 14. h3 d5 15. Bg3 Qb7 16. Bxb8 Qxb8 17. exd5 cxd5 18. Ne2 Rd8 19. c4 dxc4 20. bxc4 Bb7 21. Rb1 Qa8 22. Qe3 Bxf3 23. gxf3 Nh7 24. Rbd1 Ng5 25. Kg2 e5 26. Ng3 Qc8 27. Rh1 Rd4 28. Ne4 Ne6 29. h4 Qd8 30. Kg3 f5 31. Qe2 fxe4 32. fxe4 Nf4 33. Qe3 Rxd3 34. Rxd3 Qxd3 35. Qxd3 Nxd3 36. Rd1 Nb2 37. Rd7 Kf7 38. Ra7 Nxc4 39. Rxa6 Nd6 40. f3 Ke8 41. Ra7 c4 42. Rc7 Kd8 43. Ra7 c3 44. Ra3 Nb5 0-1

[Event "NAYCC U12"]
[Site "Toronto CAN"]
[Date "2013.08.17"]
[Round "6"]
[White "Yong, Hoyin"]
[Black "Xiao, Kevin"]
[Result "1-0"]
[WhiteElo "1123"]
[BlackElo "1247"]
[PlyCount "117"]
[GameId "2160767909267391"]
[EventDate "2013.08.14"]
[EventType "swiss"]
[EventRounds "9"]
[EventCountry "CAN"]
[SourceTitle "EXT 2022"]
[Source "ChessBase"]
[SourceDate "2021.10.06"]
[SourceVersion "1"]
[SourceVersionDate "2021.10.06"]
[SourceQuality "1"]

1. e4 c5 2. Nc3 d6 3. f4 Nf6 4. Nf3 g6 5. Bb5+ Nbd7 6. O-O Bg7 7. Qe1 O-O 8. d3 Nb6 9. Qh4 Be6 10. f5 Bd7 11. Bxd7 Qxd7 12. Bh6 Nh5 13. g4 Nf6 14. Ng5 Rfc8 15. Bxg7 Kxg7 16. e5 dxe5 17. Nce4 Rh8 18. Nxf6 exf6 19. Ne4 Qd4+ 20. Kg2 Nd7 21. g5 fxg5 22. Qxg5 f6 23. Nxf6 Nxf6 24. fxg6 Qg4+ 25. Qxg4 Nxg4 26. Rae1 hxg6 27. h3 Nf6 28. Rxe5 b6 29. Re7+ Kf8 30. Re6 Kg7 31. Rfxf6 Rh6 32. Rf3 Rf8 33. Re7+ Kg8 34. Rxf8+ Kxf8 35. Rxa7 g5 36. Rb7 Re6 37. Kf3 Rh6 38. Kg4 Ke8 39. Rg7 Re6 40. Kxg5 Re2 41. Rb7 Rxc2 42. Rxb6 Rd2 43. h4 Rxd3 44. h5 Rg3+ 45. Kh6 c4 46. Rc6 Rg4 47. a4 Kd7 48. Rg6 Rh4 49. Kg5 Rh2 50. h6 Rxb2 51. h7 Rh2 52. Rh6 Rg2+ 53. Kf4 Rf2+ 54. Ke3 Rf8 55. h8=Q Rxh8 56. Rxh8 c3 57. Kd3 c2 58. Kxc2 Ke7 59. a5 1-0

[Event "NAYCC U12"]
[Site "Toronto CAN"]
[Date "2013.08.17"]
[Round "6"]
[White "Zhao, Harry"]
[Black "Johnson-Constantin, Mathieu"]
[Result "1-0"]
[WhiteElo "1767"]
[BlackElo "1523"]
[PlyCount "25"]
[GameId "2160767909275585"]
[EventDate "2013.08.14"]
[EventType "swiss"]
[EventRounds "9"]
[EventCountry "CAN"]
[SourceTitle "EXT 2022"]
[Source "ChessBase"]
[SourceDate "2021.10.06"]
[SourceVersion "1"]
[SourceVersionDate "2021.10.06"]
[SourceQuality "1"]

1. d4 Nf6 2. Nf3 g6 3. Nbd2 Bg7 4. e4 d6 5. Bd3 O-O 6. O-O e5 7. dxe5 dxe5 8. Nxe5 Nxe4 9. Nxf7 Rxf7 10. Nxe4 Kh8 11. Ng5 Rf6 12. Nxh7 Kxh7 13. Bxg6+ 1-0

[Event "NAYCC U12"]
[Site "Toronto CAN"]
[Date "2013.08.17"]
[Round "6"]
[White "Zhu, Jeffrey Xin Yu"]
[Black "Zotkin, Daniel"]
[Result "0-1"]
[WhiteElo "1574"]
[BlackElo "1974"]
[PlyCount "187"]
[GameId "2160767909275586"]
[EventDate "2013.08.14"]
[EventType "swiss"]
[EventRounds "9"]
[EventCountry "CAN"]
[SourceTitle "EXT 2022"]
[Source "ChessBase"]
[SourceDate "2021.10.06"]
[SourceVersion "1"]
[SourceVersionDate "2021.10.06"]
[SourceQuality "1"]

1. d4 d5 2. c4 e6 3. a3 Nf6 4. Nc3 Be7 5. Nf3 Nbd7 6. Bf4 c6 7. e3 O-O 8. Bd3 b6 9. cxd5 exd5 10. Rc1 Bb7 11. O-O c5 12. Bf5 Ne4 13. Qc2 Ndf6 14. dxc5 bxc5 15. Rfd1 Nd6 16. Bh3 Nc4 17. Nd2 Nb6 18. b3 Bc8 19. Bxc8 Rxc8 20. Nf3 a5 21. a4 c4 22. Be5 Nfd7 23. Nxd5 Nxe5 24. Nf6+ Bxf6 25. Rxd8 Nxf3+ 26. gxf3 Rfxd8 27. bxc4 Rxc4 28. Qb1 Rxc1+ 29. Qxc1 h6 30. Qc5 Nxa4 31. Qxa5 Nc3 32. Qc7 Rd5 33. f4 Rd1+ 34. Kg2 Rd2 35. Qc8+ Rd8 36. Qc6 Nd5 37. Qb7 g6 38. Qc6 Kg7 39. Kg3 Ne7 40. Qb7 Nf5+ 41. Kf3 Nh4+ 42. Ke2 g5 43. fxg5 hxg5 44. Qc7 Ng6 45. Qb6 Re8 46. Qb5 Re6 47. Qb7 Be5 48. Qh1 Bf6 49. Qb7 Ne5 50. Qb5 Ng4 51. h3 Ne5 52. Qb7 Ng6 53. Qb5 Re5 54. Qc4 Re8 55. Qb5 Nf4+ 56. Kf3 Re5 57. Qd7 Ne6 58. Ke2 Rc5 59. Kd2 Ra5 60. Ke2 Ra2+ 61. Kf3 Rb2 62. Qd5 Rc2 63. Qd7 Rc4 64. Qd5 Rh4 65. Kg3 Rh8 66. Kg2 Rd8 67. Qc6 Rd2 68. Qc1 Rb2 69. Kf3 Rb3 70. Kg2 Rc3 71. Qd2 Rc4 72. Qd5 Rd4 73. Qb5 Rh4 74. Kg3 Rh6 75. Qd5 Nf8 76. Qc5 Ng6 77. Qd5 Be5+ 78. Kg2 Bf6 79. Kg3 Ne7 80. Qc5 Rh8 81. Kg2 Rd8 82. Qb5 Rd5 83. Qb7 Rd2 84. Qb4 Rb2 85. Qc5 Ng6 86. Qc1 Nh4+ 87. Kg1 Ra2 88. Qc5 Ra1+ 89. Kh2 Ng6 90. Kg2 Nh4+ 91. Kh2 Rf1 92. Kg3 Rg1+ 93. Kh2 Rg2+ 94. Kh1 0-1

[Event "NAYCC U12"]
[Site "Toronto CAN"]
[Date "2013.08.17"]
[Round "7"]
[White "Asaria, Danial"]
[Black "Wang, Dinny"]
[Result "1-0"]
[WhiteElo "2022"]
[BlackElo "1670"]
[PlyCount "91"]
[GameId "2160767909275587"]
[EventDate "2013.08.14"]
[EventType "swiss"]
[EventRounds "9"]
[EventCountry "CAN"]
[SourceTitle "hb 2013"]

1. e4 e5 2. Nf3 f5 3. d3 d6 4. Nc3 Nf6 5. Bg5 Be7 6. Nh4 f4 7. d4 Be6 8. Nf5 Bxf5 9. exf5 O-O 10. g3 exd4 11. Qxd4 Nc6 12. Qxf4 Nd5 13. Qc4 Bxg5 14. Qxd5+ Kh8 15. Bg2 Qe7+ 16. Qe4 Rxf5 17. Qxe7 Bxe7 18. Nd5 Re5+ 19. Kd2 Bd8 20. f4 Re8 21. Rae1 Ne7 22. Bh3 c6 23. Bd7 cxd5 24. Bxe8 Ba5+ 25. c3 Rxe8 26. b4 Bc7 27. Re6 Kg8 28. Rhe1 Kf7 29. g4 a5 30. f5 axb4 31. cxb4 Bd8 32. Rxd6 Nc6 33. Rd7+ Re7 34. Rexe7+ Bxe7 35. a3 Ne5 36. Rxb7 Nc4+ 37. Kd3 Nxa3 38. b5 Kf6 39. Kd4 Nc4 40. g5+ Kf7 41. h4 Nd6 42. Rd7 Nxb5+ 43. Kxd5 Nc3+ 44. Ke5 Kf8 45. Ke6 Nb5 46. f6 1-0

[Event "NAYCC U12"]
[Site "Toronto CAN"]
[Date "2013.08.17"]
[Round "7"]
[White "Balachandran, Henushan"]
[Black "Hemmat, Alexander"]
[Result "0-1"]
[WhiteElo "958"]
[BlackElo "1688"]
[PlyCount "38"]
[GameId "2160767909275588"]
[EventDate "2013.08.14"]
[EventType "swiss"]
[EventRounds "9"]
[EventCountry "CAN"]
[SourceTitle "hb 2013"]

1. e4 c5 2. c4 d6 3. Nc3 Nc6 4. d3 Nf6 5. Nf3 g6 6. b3 Bg7 7. Bb2 Bd7 8. Nd5 e6 9. Nxf6+ Bxf6 10. Bxf6 Qxf6 11. Be2 Nd4 12. Nxd4 Qxd4 13. O-O O-O 14. Qd2 f5 15. exf5 Rxf5 16. Bf3 Raf8 17. Bxb7 Rxf2 18. Rxf2 Qxa1+ 19. Rf1 Qxf1# 0-1

[Event "NAYCC U12"]
[Site "Toronto CAN"]
[Date "2013.08.17"]
[Round "7"]
[White "Doknjas, Joshua"]
[Black "Frutos, Chase"]
[Result "1-0"]
[WhiteElo "1856"]
[BlackElo "1942"]
[PlyCount "93"]
[GameId "2160767909275589"]
[EventDate "2013.08.14"]
[EventType "swiss"]
[EventRounds "9"]
[EventCountry "CAN"]
[SourceTitle "hb 2013"]

1. e4 c5 2. Nf3 d6 3. Bb5+ Bd7 4. Bxd7+ Qxd7 5. O-O Nf6 6. Qe2 g6 7. c3 Bg7 8. d4 cxd4 9. cxd4 O-O 10. Nc3 Nc6 11. Rd1 Rfd8 12. Bg5 Rac8 13. Rac1 b6 14. h3 Qb7 15. Qe3 b5 16. b3 a5 17. Bh6 Bh8 18. e5 Ne8 19. e6 f6 20. h4 Ng7 21. Bxg7 Bxg7 22. h5 g5 23. Qe2 Na7 24. Ne4 Qd5 25. Nc3 Qb7 26. Qe4 d5 27. Qg4 Rd6 28. Nh4 Rdc6 29. Ne2 Rxc1 30. Rxc1 Rxc1+ 31. Nxc1 Qc6 32. Ne2 Qc2 33. Nf5 Nc6 34. h6 Bf8 35. f4 Qxa2 36. fxg5 Qb1+ 37. Kh2 Qe4 38. Qxe4 dxe4 39. d5 Nb4 40. d6 exd6 41. gxf6 Nd5 42. f7+ Kh8 43. Nc3 Ne7 44. Nxe7 Bxe7 45. Nd5 Bf8 46. e7 Bxe7 47. Nxe7 1-0

[Event "NAYCC U12"]
[Site "Toronto CAN"]
[Date "2013.08.17"]
[Round "7"]
[White "Fan, Run Kun"]
[Black "Cai, Jason"]
[Result "1-0"]
[WhiteElo "1568"]
[BlackElo "1778"]
[PlyCount "69"]
[GameId "2160767909275590"]
[EventDate "2013.08.14"]
[EventType "swiss"]
[EventRounds "9"]
[EventCountry "CAN"]
[SourceTitle "hb 2013"]

1. e4 c5 2. Nc3 e6 3. g3 Nc6 4. Bg2 g6 5. f4 d6 6. Nf3 Bg7 7. O-O Nge7 8. d3 a6 9. a4 Rb8 10. Ne2 O-O 11. g4 b5 12. axb5 axb5 13. Ng3 Qb6 14. Kh1 Bd7 15. Ng1 f5 16. g5 Ra8 17. Rb1 Ra2 18. N1e2 b4 19. exf5 exf5 20. Re1 Re8 21. Ng1 Kh8 22. Nf3 Nc8 23. Rxe8+ Bxe8 24. Qe1 Bf7 25. h4 Qa6 26. Nf1 b3 27. c4 Nb4 28. Qe2 Nc2 29. N1d2 Qa4 30. Kh2 Bg8 31. h5 d5 32. h6 Bxh6 33. gxh6 Bf7 34. Qe5+ Kg8 35. Qg7# 1-0

[Event "NAYCC U12"]
[Site "Toronto CAN"]
[Date "2013.08.17"]
[Round "7"]
[White "Johnson-Constantin, Mathieu"]
[Black "Yong, Hoyin"]
[Result "1-0"]
[WhiteElo "1523"]
[BlackElo "1123"]
[PlyCount "95"]
[GameId "2160767909275591"]
[EventDate "2013.08.14"]
[EventType "swiss"]
[EventRounds "9"]
[EventCountry "CAN"]
[SourceTitle "hb 2013"]

1. e4 e5 2. Nf3 Nc6 3. Bb5 a6 4. Ba4 Nf6 5. O-O b5 6. Bb3 Be7 7. Re1 O-O 8. c3 d6 9. d4 Bb7 10. d5 Na5 11. Bc2 c6 12. dxc6 Nxc6 13. Nbd2 h6 14. c4 Nh7 15. Qe2 bxc4 16. Nxc4 Bc8 17. Be3 f5 18. Rad1 f4 19. Bb6 Qe8 20. Nxd6 Bxd6 21. Rxd6 Rf6 22. Qc4+ Kh8 23. Red1 Rxd6 24. Rxd6 Bd7 25. Nh4 Nf8 26. Bb3 Ne7 27. h3 Bb5 28. Qf7 Qxf7 29. Bxf7 Be8 30. Bxe8 Rxe8 31. Ba5 Rb8 32. Bc3 Rb5 33. Rxa6 g5 34. Nf3 Neg6 35. Ra5 Rxa5 36. Bxa5 Nd7 37. Bc7 Kg7 38. b4 Kf6 39. a4 Ke6 40. a5 Nf6 41. a6 Nxe4 42. a7 Nc3 43. a8=Q Ne7 44. Bxe5 Ncd5 45. Qa6+ Kf5 46. Qd6 Ke4 47. Bf6 Kd3 48. Ne5+ 1-0

[Event "NAYCC U12"]
[Site "Toronto CAN"]
[Date "2013.08.17"]
[Round "7"]
[White "Ju, Terrence"]
[Black "Li, William"]
[Result "1-0"]
[WhiteElo "1388"]
[BlackElo "1409"]
[PlyCount "85"]
[GameId "2160767909275592"]
[EventDate "2013.08.14"]
[EventType "swiss"]
[EventRounds "9"]
[EventCountry "CAN"]
[SourceTitle "hb 2013"]

1. d4 Nf6 2. Nf3 d5 3. c4 e6 4. Nc3 c5 5. e3 b6 6. Be2 Bb7 7. O-O Bd6 8. Nb5 Be7 9. b3 a6 10. Nc3 Nbd7 11. Qc2 Rc8 12. Rb1 O-O 13. Ba3 h6 14. Nd2 Ne8 15. Rfd1 f5 16. dxc5 Bxc5 17. Bxc5 Nxc5 18. Bh5 Qg5 19. Bf3 Ne4 20. Ndxe4 fxe4 21. Be2 Nd6 22. Qd2 Rfd8 23. cxd5 exd5 24. Qb2 Nf5 25. Rd2 d4 26. Bc4+ Kh8 27. exd4 Nxd4 28. Kh1 Rc6 29. Bd5 Rg6 30. f4 Qe7 31. Rxd4 Bxd5 32. Rxd5 Rxd5 33. Nxd5 Qc5 34. Qd2 Rd6 35. Rd1 e3 36. Qxe3 Rxd5 37. Qe8+ Kh7 38. Qe4+ Rf5 39. g4 Qc7 40. Qxf5+ Kg8 41. Qe6+ Kh7 42. Qd5 Qc8 43. Qf5+ 1-0

[Event "NAYCC U12"]
[Site "Toronto CAN"]
[Date "2013.08.17"]
[Round "7"]
[White "Kobla, Vishal"]
[Black "Deng, Yi"]
[Result "1-0"]
[WhiteElo "1752"]
[BlackElo "1244"]
[PlyCount "97"]
[GameId "2160767909275594"]
[EventDate "2013.08.14"]
[EventType "swiss"]
[EventRounds "9"]
[EventCountry "CAN"]
[SourceTitle "hb 2013"]

1. e4 c5 2. Nf3 Nc6 3. d4 cxd4 4. Nxd4 e5 5. Nb5 a6 6. Nd6+ Bxd6 7. Qxd6 Qe7 8. Qd1 d6 9. Nc3 Nf6 10. Bg5 Be6 11. Be2 h6 12. Bxf6 gxf6 13. O-O Rg8 14. Kh1 f5 15. exf5 Bxf5 16. Nd5 Qg5 17. Rg1 O-O-O 18. a4 Be4 19. Bf3 Bxd5 20. Bxd5 Rg7 21. Qd3 Nd4 22. c3 Nf5 23. Ra3 Rd7 24. Rb3 f6 25. Be6 Nh4 26. Qg3 Rge7 27. Bxd7+ Rxd7 28. Rb4 Nf5 29. Qxg5 hxg5 30. Rd1 Kc7 31. Rc4+ Kb8 32. Kg1 Rh7 33. g4 Nh4 34. Rxd6 Rh6 35. Rd8+ Ka7 36. Rd7 Nf3+ 37. Kg2 Nxh2 38. f3 Kb6 39. Rd1 Rh7 40. Rh1 Rd7 41. Rxh2 Rd2+ 42. Kg3 Rd6 43. b4 Ka7 44. Rh7 Kb8 45. a5 b5 46. axb6 Rxb6 47. Rcc7 Rd6 48. Rce7 Kc8 49. Rh8+ 1-0

[Event "NAYCC U12"]
[Site "Toronto CAN"]
[Date "2013.08.17"]
[Round "7"]
[White "Liang, Hairan"]
[Black "Solano, Carlos"]
[Result "1/2-1/2"]
[WhiteElo "1073"]
[BlackElo "1771"]
[PlyCount "53"]
[GameId "2160767909275595"]
[EventDate "2013.08.14"]
[EventType "swiss"]
[EventRounds "9"]
[EventCountry "CAN"]
[SourceTitle "hb 2013"]

1. e4 e6 2. d4 d5 3. e5 c5 4. Nf3 Nc6 5. c3 Qb6 6. a3 c4 7. Be2 Be7 8. Qc2 f6 9. Be3 fxe5 10. Nxe5 Nxe5 11. dxe5 Bc5 12. Bxc5 Qxc5 13. Nd2 Qc7 14. f4 Ne7 15. Bg4 O-O 16. g3 Bd7 17. O-O b5 18. Nf3 Qb6+ 19. Kg2 Be8 20. Ng5 Bg6 21. Qf2 Qxf2+ 22. Kxf2 Bf5 23. Bxf5 exf5 24. Ne6 Rfc8 25. Nd4 a6 26. a4 Rab8 27. axb5 1/2-1/2

[Event "NAYCC U12"]
[Site "Toronto CAN"]
[Date "2013.08.17"]
[Round "7"]
[White "Liu, Ryan"]
[Black "Kishkimbayev, Alisher"]
[Result "0-1"]
[WhiteElo "1090"]
[BlackElo "1201"]
[PlyCount "126"]
[GameId "2160767909275596"]
[EventDate "2013.08.14"]
[EventType "swiss"]
[EventRounds "9"]
[EventCountry "CAN"]
[SourceTitle "hb 2013"]

1. d4 c6 2. Nf3 d5 3. e3 Nf6 4. Bd3 Nbd7 5. Nbd2 e6 6. O-O Bd6 7. e4 dxe4 8. Nxe4 Nxe4 9. Bxe4 Qc7 10. Re1 Nf6 11. Bd3 O-O 12. Bg5 Nd7 13. c4 c5 14. Qc2 g6 15. Bh6 Re8 16. d5 Nf6 17. Bg5 Ng4 18. g3 Bd7 19. dxe6 Rxe6 20. Rxe6 Bxe6 21. Re1 Ne5 22. Nxe5 Bxe5 23. Bh6 Bd4 24. b3 Qa5 25. Bd2 Qb6 26. Be4 Rd8 27. Bg2 Qd6 28. Rd1 Bg4 29. Rf1 b6 30. Kh1 Bf5 31. Be4 Bxe4+ 32. Qxe4 Qe5 33. Qxe5 Bxe5 34. f4 Rxd2 35. fxe5 Re2 36. Rd1 Rxe5 37. a4 Re3 38. Rd8+ Kg7 39. Rd7 Rxb3 40. Rxa7 Rb4 41. a5 bxa5 42. Rxa5 Rxc4 43. Ra1 Re4 44. Kg1 c4 45. Kf2 f5 46. Rc1 Kf6 47. Kf3 Ke5 48. Rc3 Rd4 49. Ke3 g5 50. h4 gxh4 51. gxh4 Rd3+ 52. Rxd3 cxd3 53. Kxd3 Kf4 54. Ke2 h5 55. Kf2 Kg4 56. Ke3 f4+ 57. Kf2 f3 58. Kf1 Kxh4 59. Kg1 Kg4 60. Kh2 h4 61. Kg1 Kg3 62. Kf1 f2 63. Ke2 Kg2 0-1

[Event "NAYCC U12"]
[Site "Toronto CAN"]
[Date "2013.08.17"]
[Round "7"]
[White "Luo, Ricky"]
[Black "Mihailov, Dmitrii"]
[Result "1-0"]
[WhiteElo "1023"]
[BlackElo "982"]
[PlyCount "67"]
[GameId "2160767909275597"]
[EventDate "2013.08.14"]
[EventType "swiss"]
[EventRounds "9"]
[EventCountry "CAN"]
[SourceTitle "EXT 2022"]
[Source "ChessBase"]
[SourceDate "2021.10.06"]
[SourceVersion "1"]
[SourceVersionDate "2021.10.06"]
[SourceQuality "1"]

1. d4 d5 2. c4 b6 3. e3 Nf6 4. Nf3 e6 5. Nc3 Bb4 6. Qa4+ Bd7 7. Qxb4 Nc6 8. Qa3 a5 9. Be2 Nb4 10. Kd2 O-O 11. Qb3 Qe7 12. a3 a4 13. Qxb4 Qd8 14. Nb5 Ne4+ 15. Ke1 c5 16. Qc3 Nxc3 17. Nxc3 Rb8 18. h3 dxc4 19. dxc5 b5 20. e4 f5 21. exf5 exf5 22. Bf4 Rc8 23. Rd1 Qe7 24. Bd6 Qe6 25. Bxf8 Rxf8 26. Rd6 Qe8 27. Kd2 Rf7 28. Re1 Qb8 29. Ne5 Qxd6+ 30. cxd6 Rf6 31. Nxd7 Rxd6+ 32. Kc2 Rxd7 33. Bh5 h6 34. Bg6 1-0

[Event "NAYCC U12"]
[Site "Toronto CAN"]
[Date "2013.08.17"]
[Round "7"]
[White "Menon, Vishal"]
[Black "Sun, Andy"]
[Result "1-0"]
[WhiteElo "1674"]
[BlackElo "1082"]
[PlyCount "55"]
[GameId "2160767909275599"]
[EventDate "2013.08.14"]
[EventType "swiss"]
[EventRounds "9"]
[EventCountry "CAN"]
[SourceTitle "hb 2013"]

1. e4 e5 2. Nf3 Nc6 3. Bb5 Nf6 4. O-O Bc5 5. h3 O-O 6. Re1 d6 7. c3 Bd7 8. d4 exd4 9. cxd4 Bb4 10. Bd2 Bxd2 11. Nbxd2 a6 12. Ba4 Re8 13. a3 h6 14. Rc1 Rc8 15. b4 b5 16. Bb3 Re7 17. Qc2 Qe8 18. Re3 Kh8 19. Rce1 Qf8 20. e5 dxe5 21. dxe5 Nh7 22. e6 fxe6 23. Bxe6 Rxe6 24. Rxe6 Bxe6 25. Qxc6 Bf7 26. Qxa6 Rb8 27. Ne5 Kg8 28. Nd7 1-0

[Event "NAYCC U12"]
[Site "Toronto CAN"]
[Date "2013.08.17"]
[Round "7"]
[White "Mercado, Carlos"]
[Black "Li, Ben"]
[Result "1-0"]
[WhiteElo "1782"]
[BlackElo "2037"]
[PlyCount "43"]
[GameId "2160767909275600"]
[EventDate "2013.08.14"]
[EventType "swiss"]
[EventRounds "9"]
[EventCountry "CAN"]
[SourceTitle "hb 2013"]

1. e4 c5 2. Nc3 d6 3. Bb5+ Bd7 4. Bxd7+ Qxd7 5. f4 Nc6 6. Nf3 g6 7. O-O Bg7 8. d3 Nf6 9. Qe1 O-O 10. Qh4 Qc7 11. f5 Nd4 12. Bh6 Nxc2 13. fxg6 hxg6 14. Ng5 e6 15. Rxf6 Nxa1 16. Bxg7 Kxg7 17. Rf4 Rh8 18. Nxe6+ Kg8 19. Qf6 fxe6 20. Qxg6+ Qg7 21. Qxe6+ Kh7 22. Rh4+ 1-0

[Event "NAYCC U12"]
[Site "Toronto CAN"]
[Date "2013.08.17"]
[Round "7"]
[White "Sun, Benjamin"]
[Black "Xue, Andrew"]
[Result "1-0"]
[WhiteElo "1414"]
[BlackElo "1114"]
[PlyCount "25"]
[GameId "2160767909275602"]
[EventDate "2013.08.14"]
[EventType "swiss"]
[EventRounds "9"]
[EventCountry "CAN"]
[SourceTitle "EXT 2022"]
[Source "ChessBase"]
[SourceDate "2021.10.06"]
[SourceVersion "1"]
[SourceVersionDate "2021.10.06"]
[SourceQuality "1"]

1. e4 e5 2. Nf3 Nc6 3. Nc3 Bc5 4. Nxe5 Nxe5 5. d4 Bxd4 6. Qxd4 f6 7. Bf4 Nc6 8. Qd2 a6 9. Nd5 d6 10. O-O-O Nge7 11. Bc4 Ne5 12. Bxe5 dxe5 13. Nxf6+ 1-0

[Event "NAYCC U12"]
[Site "Toronto CAN"]
[Date "2013.08.17"]
[Round "7"]
[White "Valkov, Andrey"]
[Black "Pierre, Dashwood"]
[Result "0-1"]
[WhiteElo "511"]
[BlackElo "886"]
[PlyCount "60"]
[GameId "2160767909275603"]
[EventDate "2013.08.14"]
[EventType "swiss"]
[EventRounds "9"]
[EventCountry "CAN"]
[SourceTitle "hb 2013"]

1. e4 e5 2. Nf3 Nc6 3. d3 Bc5 4. Bd2 Nf6 5. Nxe5 Nxe5 6. Bc3 Nc6 7. e5 Nd5 8. Bd2 d6 9. exd6 cxd6 10. Qe2+ Be6 11. Qf3 Qe7 12. Be2 O-O-O 13. O-O Rde8 14. Qg3 Qd8 15. Bg4 Bxg4 16. Qxg4+ Kb8 17. c4 Nf6 18. Qxg7 Ref8 19. Bg5 Ne5 20. Bxf6 Qe8 21. Qg3 Rhg8 22. Qh3 Rg6 23. Qh4 Qc6 24. g3 Nf3+ 25. Kg2 Nxh4+ 26. Kh3 Qg2+ 27. Kxh4 Rfg8 28. Bg5 Rxg5 29. Rh1 Qxh1 30. Nc3 Qxh2# 0-1